| 000 | 01010nam a2200265 a 4500 | ||
|---|---|---|---|
| 001 | 000017401 | ||
| 003 | DO-SdBNP | ||
| 005 | 20250115114737.0 | ||
| 008 | 100324s2009 dr r 000 0 spa d | ||
| 020 | _a9789945404203 | ||
| 040 |
_aDO-SdBNP _bspa _cBNPHU |
||
| 082 |
_a341.767 _bC766p |
||
| 111 | 2 |
_aConvención sobre la protección y promoción de la diversidad de las expresiones culturales. _n(33 : _d2005, oct. 20 _cParís, Francia) _938083 |
|
| 245 | 1 | 0 | _aConvención sobre la protección y promoción de la diversidad de las expresiones culturales. |
| 260 |
_aSanto Domingo : _bNacional, _c2009. |
||
| 300 |
_a49 p. ; _c21 cm. |
||
| 590 | _aInventariado, 2018/BT | ||
| 650 | 4 |
_aProtección del patrimonio cultural _933152 |
|
| 650 | 4 |
_aAcuerdos culturales _938084 |
|
| 650 | 4 |
_aCultura-legislación _938085 |
|
| 650 | 0 |
_aPolítica cultural _97841 |
|
| 710 | 1 |
_a República Dominicana. _b Secretaría de Estado de Cultura _96453 |
|
| 910 | _aValidado. Control de calidad. EMS | ||
| 942 |
_2ddc _cLBS1 |
||
| 999 |
_c16926 _d16926 |
||